| 000 | 00891nam a22001817a 4500 | ||
|---|---|---|---|
| 999 |
_c61149 _d61149 |
||
| 005 | 20231225141654.0 | ||
| 008 | 231225s1984 ru ||||| |||| 00| 0 rus d | ||
| 041 | _arus | ||
| 080 | _a94(37+32):930 K-89 | ||
| 100 |
_aКузнецова, Т. И. _920868 |
||
| 245 |
_aАнтичная эпическая историография : _bГеродот, Тит Ливий / _cТ.И. Кузнецова, Т.А. Миллер; Акад. наук СССР, Ин-т мировой лит. им. А. М. Горького. |
||
| 264 |
_a Москва : _b Наука, _c1984. |
||
| 300 |
_a210 c.; _b22 см. |
||
| 653 | _aუძველესი ეპიკური ისტორიოგრაფია | ||
| 700 |
_aМиллер, Т.А. _920869 |
||
| 710 |
_aАкад. наук СССР _dИн-т мировой лит. им. А. М. Горького _920870 |
||
| 942 |
_2udc _cᲬᲘᲒᲜᲘ |
||